Normale Ansicht MARC-Ansicht ISBD

Der Spaziergänger von Rathenow: (Titelsatznr. 80611)

[ MARC ]
MARC-Details
000 -Satzkennung
Kontrollfeld mit fester Länge 00616nam a2200181 4500
008 - Feld mit fester Länge zur physischen Beschreibung - Allgemeine Angaben
Kontrollfeld mit fester Länge 210119b ||||| |||| 00| 0 eng d
040 ## - Katalogisierungsquelle
Katalogisierungssprache ger
Übertragungsstelle STAFF
Beschreibungsfestlegungen rda
Original-Katalogisierungsstelle ISIL EINTRAGEN
100 ## - Person oder Familie als 1. geistiger Schöpfer
Personenname Rehfeld, Hans-Jürgen:
245 ## - Titel
Haupttitel Der Spaziergänger von Rathenow:
Titelzusatz Joachim Christian Blum (1739-1790)/
Verantwortlichkeitsangabe Hans-Jürgen Rehfeld
300 ## - Physische Beschreibung
Umfang 30 S.
490 ## - Gesamttitelangabe
Haupttitel der Reihe/Unterreihe Frankfurter Buntbücher
Zählung 68
600 ## - Nebeneintragung unter einem Schlagwort - Personenname
Personenname Blum, Joachim Christian
Datumsangaben in Verbindung mit einem Namen (1739-1790)
773 ## - Übergeordnete Einheit
Ort, Verlag und Erscheinungsjahr Frankfurt (Oder): Kleist-Museum, 2021
Titel Frankfurter Buntbücher
Verknüpfungsangaben Bd. 68, S. 4-31
942 ## - Zusätzliche Felder (Koha)
Koha-Medientyp Aufsätze
Exemplare
Ausgeschieden Verloren Beschädigt Nicht entleihbar Permanenter Standort Aktueller Standort Aufstellungsort Eingabedatum Jahrgang/Heft Anzahl Ausleihen Signatur Letzte Aktivität Preis gültig von Medientyp Inventarnummer
        Stadtarchiv Frankfurt (Oder) | Archivbibliothek Stadtarchiv Frankfurt (Oder) | Archivbibliothek Lesesaal 19/01/2021 7/2021   FR4 19/01/2021 19/01/2021 Aufsätze  
        Stadtarchiv Frankfurt (Oder) | Archivbibliothek Stadtarchiv Frankfurt (Oder) | Archivbibliothek Magazin 24/01/2022 H. 68   III:1637 24/01/2022 24/01/2022 Aufsätze 6/2021